Raiman terima hukuman

Bibliographic Details
Main Author: Amer Haji Matsom
Format: Book
Published: Selangor : Pustaka Tintamas , 2006
Series:Siri positif dan negatif
Subjects:

MARC

LEADER 00000cam a2200000 7i4500
001 0000004163
005 20220105103958.0
008 070725
020 |a 9831351460(set) 
020 |a 9831351487 
090 0 0 |a JP   |b PR MAL (4195) 
100 0 |a Amer Haji Matsom 
245 0 0 |a Raiman terima hukuman   |c Amer Haji Mat Som 
260 |a Selangor :   |b Pustaka Tintamas ,   |c 2006 
440 |a Siri positif dan negatif 
500 |a Children age 4-6 years old (yellow) 
650 0 |a Junior preschool   |x Malay   |x Languages 
999 |a 0000919361   |b Book   |c Children Collection   |e Cawangan Bukit Gambir 
999 |a 0000919362   |b Book   |c Children Collection   |e Cawangan Bukit Gambir 
999 |a 0000927618   |b Book   |c Children Collection   |e Cawangan Tangkak 
999 |a 0000927619   |b Book   |c Children Collection   |e Cawangan Tangkak 
999 |a 0000927620   |b Book   |c Children Collection   |e Cawangan Tangkak 
999 |a 0000946566   |b Book   |c Children Collection   |e Cawangan Taman Sri Lambak 
999 |a 0000975249   |b Book   |c Children Collection   |e Cawangan Bukit Gambir 
999 |a 0000985972   |b Book   |c Children Collection   |e Perbadanan Perpustakaan Awam Johor 
999 |a 0000985973   |b Book   |c Children Collection   |e Perbadanan Perpustakaan Awam Johor 
999 |a 0000985974   |b Book   |c Children Collection   |e Cawangan Muar 
999 |a 0000985976   |b Book   |c Children Collection   |e Perbadanan Perpustakaan Awam Johor